[Event "US Masters op"]
[Site "Charlotte"]
[Date "2023.11.23"]
[Round "2"]
[White "Chen, Ryo"]
[Black "Zhou, Jianchao"]
[Result "1/2-1/2"]
[WhiteElo "2367"]
[BlackElo "2557"]
[PlyCount "59"]
[EventDate "2023.11.22"]
[EventType "swiss"]
[EventRounds "9"]
[EventCountry "USA"]
[SourceTitle "CB48_2023"]
[SourceDate "2023.11.29"]
[SourceVersion "1"]
[SourceVersionDate "2023.11.29"]
[SourceQuality "1"]

1. e4 c5 2. Nf3 d6 3. d4 cxd4 4. Nxd4 Nf6 5. Nc3 Nc6 6. Be2 g6 7. 0-0 Bg7 8. Nb3 0-0 9. Bg5 Be6 10. Kh1 h6 11. Be3 d5 12. exd5 Nxd5 13. Nxd5 Qxd5 14. Qc1 h5 15. Rd1 Qe5 16. Nc5 Rad8 17. Nxe6 Qxe6 18. c3 a6 19. Qc2 Rxd1+ 20. Qxd1 Rd8 21. Qb3 Qxb3 22. axb3 Kh7 23. Bf3 Bh6 24. Bxh6 Kxh6 25. Bxc6 bxc6 26. g3 Rd2 27. Kg2 Rxb2 28. Rxa6 Rxb3 29. Rxc6 e5 30. Rc5 1/2-1/2

[Event "Charlotte CCCSA Fall GM-A"]
[Site "Charlotte"]
[Date "2023.11.19"]
[Round "6"]
[White "Bellahcene, Bilel"]
[Black "Chen, Ryo"]
[Result "0-1"]
[WhiteElo "2502"]
[BlackElo "2367"]
[PlyCount "106"]
[EventDate "2023.11.17"]
[EventType "tourn"]
[EventRounds "9"]
[EventCountry "USA"]
[EventCategory "8"]
[SourceTitle "CB48_2023"]
[SourceDate "2023.11.29"]
[SourceVersion "1"]
[SourceVersionDate "2023.11.29"]
[SourceQuality "1"]

1. e4 c5 2. Nf3 d6 3. d4 cxd4 4. Nxd4 Nf6 5. Nc3 Nc6 6. h4 e5 7. Nb3 Be6 8. Bg5 Be7 9. Qd2 a5 10. a4 h6 11. Bxf6 Bxf6 12. g3 0-0 13. 0-0-0 Qb6 14. Kb1 Nb4 15. Qe3 Qxe3 16. fxe3 Rfd8 17. Bg2 Rdc8 18. Bh3 b5 19. Bxe6 fxe6 20. Nxb5 Nxc2 21. Rd3 d5 22. Nd6 Nb4 23. Rd2 Rc6 24. Nb5 dxe4 25. Rc1 Rxc1+ 26. Nxc1 Nd5 27. Nd6 Rb8 28. Rc2 Nxe3 29. Re2 Nd5 30. Nxe4 Rb4 31. Nd3 Rxa4 32. Ndc5 Rb4 33. Nxe6 Be7 34. Ka2 Nf6 35. Nc3 e4 36. Rd2 Kf7 37. Nd4 Bc5 38. Nc6 Rb6 39. Ne5+ Ke7 40. Rc2 Re6 41. Ng6+ Kf7 42. Nf4 Re8 43. Nb5 Re5 44. Kb3 g5 45. hxg5 hxg5 46. Ne2 Kg6 47. Ka4 Kh5 48. Kxa5 Kg4 49. Ka4 Nh5 50. Rc4 Nxg3 51. Nec3 Kf3 52. b4 Bf2 53. Kb3 Nf5 0-1

[Event "Charlotte CCCSA Fall GM-A"]
[Site "Charlotte"]
[Date "2023.11.19"]
[Round "5"]
[White "Chen, Ryo"]
[Black "Gauri, Shankar"]
[Result "1/2-1/2"]
[WhiteElo "2367"]
[BlackElo "2351"]
[PlyCount "52"]
[EventDate "2023.11.17"]
[EventType "tourn"]
[EventRounds "9"]
[EventCountry "USA"]
[EventCategory "8"]
[SourceTitle "CB48_2023"]
[SourceDate "2023.11.29"]
[SourceVersion "1"]
[SourceVersionDate "2023.11.29"]
[SourceQuality "1"]

1. e4 e5 2. Nf3 Nc6 3. Bb5 Nf6 4. d3 Bc5 5. Bxc6 dxc6 6. 0-0 Nd7 7. c3 0-0 8. d4 Bd6 9. Bg5 f6 10. Bh4 Qe8 11. Nbd2 Nb6 12. Bg3 Bg4 13. Qb3+ Kh8 14. h3 Bh5 15. Nh4 Bf7 16. Qc2 exd4 17. Bxd6 cxd6 18. cxd4 d5 19. Rfe1 Qd8 20. Qc5 g6 21. Nhf3 dxe4 22. Rxe4 Nd5 23. Rae1 Qd7 24. Nc4 b6 25. Qa3 Rad8 26. Ne3 a5 1/2-1/2

[Event "Titled Tuesday intern op 22nd Aug Early"]
[Site "Chess.com INT"]
[Date "2023.08.22"]
[Round "2"]
[White "Chen, Ryo"]
[Black "Pert, Nina P"]
[Result "1-0"]
[WhiteElo "2373"]
[BlackElo "2021"]
[PlyCount "75"]
[EventDate "2023.08.22"]
[EventType "swiss (blitz)"]
[EventRounds "11"]
[EventCountry "USA"]
[SourceTitle "EXT 2024"]
[Source "ChessBase"]
[SourceDate "2023.10.10"]
[SourceVersion "1"]
[SourceVersionDate "2023.10.10"]
[SourceQuality "1"]

1. e4 c6 2. Nf3 d5 3. d3 Bg4 4. h3 Bxf3 5. Qxf3 Nf6 6. g3 e6 7. Bg2 Be7 8. 0-0 0-0 9. Qe2 Nbd7 10. Nd2 Nc5 11. e5 Ne8 12. d4 Nd7 13. f4 c5 14. c3 Qb6 15. Nf3 f6 16. exf6 Nexf6 17. Ng5 Ne4 18. Nxe4 dxe4 19. Qxe4 Nf6 20. Qxb7 Qxb7 21. Bxb7 Rab8 22. Bf3 cxd4 23. c4 Bc5 24. b3 Rfe8 25. Bb2 e5 26. fxe5 Rxe5 27. Rfe1 Rf5 28. Kg2 Rf8 29. Rf1 Kh8 30. Rad1 Rd8 31. g4 Re5 32. b4 Bxb4 33. Bxd4 Ree8 34. g5 Nd7 35. Bc6 Re2+ 36. Kh1 Ba5 37. Bxd7 Rxd7 38. Rf8# 1-0

[Event "Titled Tuesday intern op 22nd Aug Early"]
[Site "Chess.com INT"]
[Date "2023.08.22"]
[Round "8"]
[White "Hirneise, Jens"]
[Black "Chen, Ryo"]
[Result "1-0"]
[WhiteElo "2277"]
[BlackElo "2373"]
[PlyCount "85"]
[EventDate "2023.08.22"]
[EventType "swiss (blitz)"]
[EventRounds "11"]
[EventCountry "USA"]
[SourceTitle "EXT 2024"]
[Source "ChessBase"]
[SourceDate "2023.10.10"]
[SourceVersion "1"]
[SourceVersionDate "2023.10.10"]
[SourceQuality "1"]

1. Nf3 Nf6 2. b3 g6 3. Bb2 Bg7 4. g3 0-0 5. Bg2 d6 6. d4 b5 7. 0-0 Bb7 8. c4 bxc4 9. bxc4 Nbd7 10. Nbd2 Ne4 11. Nxe4 Bxe4 12. Qa4 Nb6 13. Qa6 Rb8 14. Nd2 Bxg2 15. Kxg2 Qd7 16. Rac1 c5 17. e3 cxd4 18. Bxd4 e5 19. Bxb6 Rxb6 20. Qa5 Qb7+ 21. Qd5 Rc8 22. Nb3 Qxd5+ 23. cxd5 Rxc1 24. Rxc1 Rb5 25. e4 f5 26. f3 Rb4 27. Rc6 Bf8 28. Ra6 fxe4 29. fxe4 Rxe4 30. Rxa7 Re2+ 31. Kf3 Rxh2 32. a4 Ra2 33. a5 Bh6 34. Rb7 Bd2 35. Nxd2 Rxd2 36. a6 Ra2 37. a7 Ra3+ 38. Kg2 h5 39. Rb8+ Kf7 40. a8Q Rxa8 41. Rxa8 Kf6 42. Rd8 Kf7 43. Rxd6 1-0

[Event "USA-ch U16"]
[Site "Schaumburg"]
[Date "2023.06.25"]
[Round "6"]
[White "Chen, Ryo"]
[Black "Adewumi, Tanitoluwa"]
[Result "1-0"]
[WhiteElo "2406"]
[BlackElo "2283"]
[PlyCount "101"]
[EventDate "2023.06.22"]
[EventType "tourn"]
[EventRounds "7"]
[EventCountry "USA"]
[EventCategory "4"]
[SourceTitle "CBM 214 Extra"]
[Source "ChessBase"]
[SourceDate "2023.07.31"]
[SourceVersion "1"]
[SourceVersionDate "2023.07.31"]
[SourceQuality "1"]

1. e4 c5 2. Nf3 e6 3. d4 cxd4 4. Nxd4 Nc6 5. Nc3 Qc7 6. Be3 a6 7. g4 Nxd4 8. Qxd4 b5 9. 0-0-0 Bb7 10. Kb1 Rc8 11. a3 Nf6 12. f3 Bc5 13. Qd2 Bxe3 14. Qxe3 0-0 15. Bd3 Qc5 16. Rhe1 d6 17. a4 Qb4 18. Bf1 Bc6 19. Qd4 Qa5 20. b4 Qc7 21. Qxd6 Qa7 22. axb5 axb5 23. Kb2 Qf2 24. Be2 h6 25. Rf1 Qe3 26. Qd4 Qg5 27. f4 Qh4 28. Qf2 Qxf2 29. Rxf2 Bxe4 30. g5 hxg5 31. fxg5 Rxc3 32. Kxc3 Rc8+ 33. Kd4 Rd8+ 34. Ke5 Nd5 35. Bxb5 Rb8 36. c4 Nc3 37. Rc1 Nxb5 38. Kxe4 Nd6+ 39. Ke5 Rd8 40. g6 f6+ 41. Kxe6 Ne4 42. Ke7 Rb8 43. Re2 Rb7+ 44. Ke6 f5 45. Kxf5 Nf6 46. Rd1 Rb8 47. Red2 Rf8 48. Rd8 Ne8+ 49. Ke6 Kh8 50. Ke7 Rf7+ 51. gxf7 1-0

[Event "USA-ch U16"]
[Site "Schaumburg"]
[Date "2023.06.25"]
[Round "7"]
[White "Chen, Ryo"]
[Black "Kunka, Harshid"]
[Result "1/2-1/2"]
[WhiteElo "2406"]
[BlackElo "2347"]
[PlyCount "130"]
[EventDate "2023.06.22"]
[EventType "tourn"]
[EventRounds "7"]
[EventCountry "USA"]
[EventCategory "4"]
[SourceTitle "CBM 214 Extra"]
[Source "ChessBase"]
[SourceDate "2023.07.31"]
[SourceVersion "1"]
[SourceVersionDate "2023.07.31"]
[SourceQuality "1"]

1. e4 c6 2. d4 d5 3. Nd2 dxe4 4. Nxe4 Nf6 5. Nxf6+ exf6 6. Be3 Bd6 7. Bd3 0-0 8. Ne2 Re8 9. 0-0 Bg4 10. c4 Nd7 11. Qc2 Nf8 12. Rfe1 Rc8 13. h3 Be6 14. Rad1 Ng6 15. Nc3 Qd7 16. Ne4 Bb8 17. Ng3 Nh4 18. f4 Bxh3 19. gxh3 Rxe3 20. Rxe3 Bxf4 21. Rde1 Bxe3+ 22. Rxe3 Qxd4 23. Qf2 Qd8 24. Nf5 Ng6 25. Rg3 Kh8 26. Bf1 Qd1 27. Kh2 Rd8 28. Bg2 Qd2 29. Qxa7 Qxb2 30. Nd6 Ne5 31. Qa5 Rf8 32. Qc7 Qxa2 33. Qxb7 Qf2 34. Qe7 Rg8 35. Nxf7+ Nxf7 36. Qxf7 Qe2 37. c5 Qe5 38. Qc4 h5 39. Qc3 Qf4 40. Qe3 Qc7 41. Qf3 Qe5 42. Qe3 Qc7 43. Qd4 Rd8 44. Qh4 Qe5 45. Qe4 Qxc5 46. Qg6 Rg8 47. Be4 Qf2+ 48. Kh1 Qf1+ 49. Kh2 Qf2+ 50. Bg2 Qe2 51. h4 Qe8 52. Qf5 Qe5 53. Qxe5 fxe5 54. Rg5 g6 55. Rxe5 Kg7 56. Bxc6 Kf6 57. Rg5 Rc8 58. Bf3 Rc3 59. Kg3 Rc4 60. Rd5 Kg7 61. Rd6 Kh6 62. Re6 Kg7 63. Be4 Kf7 64. Re5 Kf6 65. Kf4 Rc1 1/2-1/2

[Event "USA-ch U16"]
[Site "Schaumburg"]
[Date "2023.06.24"]
[Round "5"]
[White "Hardaway, Brewington"]
[Black "Chen, Ryo"]
[Result "1/2-1/2"]
[WhiteElo "2373"]
[BlackElo "2406"]
[PlyCount "45"]
[EventDate "2023.06.22"]
[EventType "tourn"]
[EventRounds "7"]
[EventCountry "USA"]
[EventCategory "4"]
[SourceTitle "CBM 214 Extra"]
[Source "ChessBase"]
[SourceDate "2023.07.31"]
[SourceVersion "1"]
[SourceVersionDate "2023.07.31"]
[SourceQuality "1"]

1. e4 c5 2. Nf3 d6 3. d4 cxd4 4. Nxd4 Nf6 5. Nc3 Nc6 6. Bg5 a6 7. Qd2 e6 8. 0-0-0 Bd7 9. f3 Nxd4 10. Qxd4 Be7 11. Kb1 Qc7 12. g4 h5 13. gxh5 Nxh5 14. Be3 Bf6 15. Qd2 Ng3 16. Rg1 Nxf1 17. Rgxf1 Bxc3 18. Qxc3 Qxc3 19. bxc3 Ke7 20. Rg1 g6 21. Bc1 Rxh2 22. Bg5+ f6 23. Bf4 1/2-1/2

[Event "Titled Tuesday intern op 13th Jun Late"]
[Site "Chess.com INT"]
[Date "2023.06.13"]
[Round "1"]
[White "Avalos Parra, Joao"]
[Black "Chen, Ryo"]
[Result "1-0"]
[WhiteElo "2185"]
[BlackElo "2406"]
[PlyCount "89"]
[EventDate "2023.06.13"]
[EventType "swiss (blitz)"]
[EventRounds "11"]
[EventCountry "USA"]
[SourceTitle "EXT 2024"]
[Source "ChessBase"]
[SourceDate "2023.10.10"]
[SourceVersion "1"]
[SourceVersionDate "2023.10.10"]
[SourceQuality "1"]

1. d4 Nf6 2. c4 g6 3. Nf3 Bg7 4. Nc3 d6 5. Bg5 0-0 6. e3 Nbd7 7. Be2 e5 8. 0-0 Re8 9. Qc2 h6 10. Bh4 c6 11. Rad1 Qc7 12. h3 Nf8 13. dxe5 dxe5 14. Bg3 Bf5 15. Qb3 Ne4 16. Nxe4 Bxe4 17. Rd2 Ne6 18. Rfd1 Nc5 19. Qa3 Qb6 20. b4 Na6 21. b5 Nc5 22. bxc6 Qxc6 23. Rd6 Qc7 24. Nd2 Bc2 25. Rc1 Qxd6 26. Rxc2 Qe7 27. Rb2 e4 28. Rb5 b6 29. Nb3 Nxb3 30. Qxb3 Rad8 31. c5 a6 32. Rxb6 Qxc5 33. Bc4 Re7 34. Rxg6 Rc8 35. Bd5 Kh7 36. Rxa6 f5 37. Bd6 Qc1+ 38. Kh2 Rd7 39. Be6 Rxd6 40. Bxf5+ Kh8 41. Rxd6 Be5+ 42. g3 Bxd6 43. Qe6 Rf8 44. Qxh6+ Kg8 45. Qh7# 1-0

[Event "Las Vegas 1000 GM op"]
[Site "Las Vegas"]
[Date "2023.06.10"]
[Round "4"]
[White "Chen, Ryo"]
[Black "Yan, Nathan"]
[Result "1-0"]
[WhiteElo "2406"]
[BlackElo "2192"]
[PlyCount "107"]
[EventDate "2023.06.08"]
[EventType "swiss"]
[EventRounds "9"]
[EventCountry "USA"]
[SourceTitle "CBM 214 Extra"]
[Source "ChessBase"]
[SourceDate "2023.07.31"]
[SourceVersion "1"]
[SourceVersionDate "2023.07.31"]
[SourceQuality "1"]

1. e4 e5 2. Nf3 Nc6 3. Bb5 a6 4. Ba4 Nf6 5. Nc3 b5 6. Bb3 Bc5 7. d3 h6 8. Nd5 d6 9. c3 Be6 10. 0-0 Ba7 11. Re1 0-0 12. Be3 Bxe3 13. Nxe3 Re8 14. a4 Qd7 15. Bc2 d5 16. exd5 Bxd5 17. Nxd5 Qxd5 18. Nd2 Rad8 19. b4 Qd7 20. Qf3 Qd5 21. Ne4 Nxe4 22. dxe4 Qe6 23. axb5 axb5 24. Bd3 Rb8 25. Qe2 Red8 26. Bxb5 Ne7 27. Bc4 Qf6 28. g3 Rd6 29. Rad1 Rbd8 30. Rxd6 Rxd6 31. Rd1 Kf8 32. Rf1 Ng6 33. Qe3 Qd8 34. Kg2 Rd1 35. Qf3 Rd7 36. Ra1 Qf6 37. Ra8+ Ke7 38. Qe3 Qc6 39. Qc5+ Qxc5 40. bxc5 Nf8 41. Rc8 Ne6 42. c6 Rd2 43. Bd5 Rd3 44. c4 Rc3 45. h4 h5 46. Kf1 Rc2 47. f4 Kd6 48. f5 Nd4 49. Rd8+ Kc5 50. Bxf7 Nxc6 51. Rd7 Kb6 52. Bxh5 Rxc4 53. Rxg7 Rxe4 54. f6 1-0

[Event "Chicago op 32nd"]
[Site "Chicago"]
[Date "2023.05.29"]
[Round "8"]
[White "Lin, Dachey"]
[Black "Chen, Ryo"]
[Result "1/2-1/2"]
[WhiteElo "2299"]
[BlackElo "2406"]
[PlyCount "79"]
[EventDate "2023.05.25"]
[EventType "swiss"]
[EventRounds "9"]
[EventCountry "USA"]
[SourceTitle "CBM 214 Extra"]
[Source "ChessBase"]
[SourceDate "2023.07.31"]
[SourceVersion "1"]
[SourceVersionDate "2023.07.31"]
[SourceQuality "1"]

1. c4 Nf6 2. Nc3 g6 3. g3 Bg7 4. Bg2 0-0 5. d3 d6 6. Bg5 h6 7. Bd2 e5 8. e4 c6 9. Nge2 Be6 10. 0-0 Na6 11. h3 d5 12. exd5 cxd5 13. d4 dxc4 14. dxe5 Nd5 15. Bxd5 Bxd5 16. Bxh6 Bf3 17. Bxg7 Kxg7 18. Qd4 Bxe2 19. Nxe2 Qxd4 20. Nxd4 Nb4 21. Rfc1 Rac8 22. f4 a6 23. a3 Nd3 24. Rc2 b5 25. Rd2 Rfd8 26. Nf3 Nc5 27. Re2 Rd3 28. Kg2 Rcd8 29. Rf1 Rb3 30. f5 gxf5 31. Nh4 Nd3 32. Nxf5+ Kg6 33. e6 fxe6 34. Rxe6+ Kh7 35. Rh6+ Kg8 36. Ne7+ Kg7 37. Rg6+ Kh8 38. Rh6+ Kg7 39. Rg6+ Kh8 40. Rh6+ 1/2-1/2

[Event "Chicago op 32nd"]
[Site "Chicago"]
[Date "2023.05.27"]
[Round "5"]
[White "Chen, Ryo"]
[Black "Ladan, Nicholas John"]
[Result "1/2-1/2"]
[WhiteElo "2406"]
[BlackElo "2228"]
[PlyCount "155"]
[EventDate "2023.05.25"]
[EventType "swiss"]
[EventRounds "9"]
[EventCountry "USA"]
[SourceTitle "CBM 214 Extra"]
[Source "ChessBase"]
[SourceDate "2023.07.31"]
[SourceVersion "1"]
[SourceVersionDate "2023.07.31"]
[SourceQuality "1"]

1. e4 e5 2. Nf3 Nc6 3. Bb5 a6 4. Ba4 Bc5 5. 0-0 Nge7 6. c3 Ba7 7. d4 Ng6 8. Re1 0-0 9. Be3 exd4 10. cxd4 d5 11. exd5 Qxd5 12. Nc3 Qh5 13. Bxc6 bxc6 14. Ne5 Qxd1 15. Raxd1 Ne7 16. d5 Bxe3 17. Rxe3 Nxd5 18. Nxd5 cxd5 19. Rxd5 Be6 20. Ra5 Rfd8 21. Nd3 Bc4 22. Ne1 h6 23. h3 Rd2 24. b3 Bb5 25. Nf3 Rb2 26. a4 Bc6 27. Nd4 Bb7 28. Rc5 Rd8 29. Rxc7 Bxg2 30. Kxg2 Rxd4 31. Re8+ Kh7 32. Rxf7 Rd6 33. Re3 Rg6+ 34. Kh2 Rg5 35. Rf4 Rg6 36. Rff3 Ra2 37. Re4 Rb2 38. h4 Rb6 39. Ree3 Rg6 40. Kh3 Rb1 41. Kh2 Rb2 42. Rf7 Kg8 43. Rf5 Rb6 44. Re8+ Kh7 45. h5 Rb4 46. Kg2 Rg4+ 47. Kf3 Rg5 48. Rxg5 Rxb3+ 49. Kg2 hxg5 50. Re6 Rb4 51. Rxa6 Rh4 52. a5 Rxh5 53. Rc6 Rh4 54. a6 Ra4 55. Kf3 Kg8 56. Ke3 Kh8 57. Kd3 Kh7 58. Rb6 g4 59. Kc3 Ra2 60. Kb3 Ra1 61. Kc4 Ra2 62. Kb5 Rxf2 63. a7 Rb2+ 64. Kc6 Ra2 65. Kb7 g3 66. a8Q Rxa8 67. Kxa8 g2 68. Rb1 Kg6 69. Rg1 Kf5 70. Rxg2 g5 71. Kb7 g4 72. Kc6 Kf4 73. Kd5 g3 74. Ra2 Kf3 75. Ra3+ Kf4 76. Kd4 g2 77. Ra1 Kf3 78. Kd3 1/2-1/2